| 000 | 00842nam a22002777a 4500 | ||
|---|---|---|---|
| 003 | CHAP | ||
| 005 | 20220329133931.0 | ||
| 008 | 971013s1975 mx r 00010 spa d | ||
| 010 | _a12880 | ||
| 011 | _a13852 | ||
| 035 | _a17924 | ||
| 040 | _cCHAP | ||
| 090 | _aFolleto 2706y | ||
| 100 | 0 | 0 |
_aGoldberg, S. Dan. _948544 |
| 245 | 1 | _aAbonado y uso de abonos conforme a las prácticas de riego por goteo | |
| 260 |
_aMéxico, D.F. : _bCentro Regional de Ayuda Técnica, _c1975 |
||
| 300 | _as.p. | ||
| 590 |
_aBATCH-UPD _b10 _c20130110 _lUCH01 _h1120 |
||
| 590 |
_aCONVERSION _b10 _c20130109 _lUCH01 _h1308 |
||
| 650 | 1 | 4 |
_aAbonos. _9235 |
| 650 | 1 | 4 |
_aRiego por goteo. _997380 |
| 901 | _aBK | ||
| 942 | _cFOLL | ||
| 949 |
_aFolleto 2706y _bBC _cFOLL _d-41974 _eTS1 _i17924 _mD _si |
||
| 949 |
_aFolleto 2706y _bBC _cFOLL _d-41975 _eTS2 _fc.2 _i17924 _si |
||
| 999 |
_c12880 _d12880 |
||